000 00621nam a2200145Ia 4500
008 151213s9999 xx 000 0 und d
100 _aমোহাম্মদ মনিরুজ্জামান
245 _aমুহাম্মদ আব্দুল হাই স্মারক গ্রন্থ
_cমোহাম্মদ মনিরুজ্জামান
260 _aঢাকা
_bএশিয়াটিক সোসাইটি
_c2000
300 _a7180 p.
650 _aBangla
650 _aBangla Literature
700 _aমোহাম্মদ মনিরুজ্জামান
999 _c3819
_d3819